=LDR 00000nam 2200000 4500 =001 INLIS000000000042408 =005 20131008015210 =008 ***********************************ind** =035 ##$$0010-101300000000330 =041 ##$$a ind =082 ##$$a 615.8 =090 ##$$a 615.8, Eil s =100 ##$$a Eileen Brayshaw =245 ##$$a Senam hamil =260 ##$$a 2012 $b Jakarta =300 ##$$a Xi,179 hlm, Ilus, 24 cm =650 ##$$a TERAPI FISIK =700 ##$$a Ramona P Kapoh =850 ##$$a NBPNMAT =990 ##$$a 21195289/BPAP-NTB/2014 =990 ##$$a 21195290/BPAP-NTB/2014 =990 ##$$a 0001/BPAP-NTB/20142015